| 000 | 00639nam a22001697a 4500 | ||
|---|---|---|---|
| 003 | MACL | ||
| 005 | 20150707164713.0 | ||
| 008 | 150707b xxu||||| |||| 00| 0 eng d | ||
| 040 | _cMACL | ||
| 041 | _aHindi | ||
| 082 | _a741.642 | ||
| 100 |
_4147/4 _aसिंह, अमिता _91331 |
||
| 245 | _aलोकप्रिय कथाएं/गुण्डा/बस्ते से बाहर आकाश/बाल कथा भारती | ||
| 260 |
_aइलाहाबाद _bलोकप्रिय प्रकाशन _c2008 |
||
| 650 |
_aचिल्ड्रन बुक्स _9343 |
||
| 942 |
_2ddc _cHIN |
||
| 999 |
_c50059 _d50059 |
||